000 00581nam a2200241Ia 4500
003 OSt
005 20221005130854.0
006 a|||||r|||| 00| 0
007 ta
008 221004b |||||||| |||| 00| 0 san d
024 _a50177
037 _cTextual
040 _aCRL
_cCRL
_bsan
041 _2san
_asan
082 _aQ3, 15H8
100 _aVishal Vijaya
_9638777
245 0 _aSanskrit prachin satvan sandoha.
260 _c1948
650 _a RELIGION
650 _aJAINISM
942 _hQ3, 15H8
_cTEXL
_2cc
999 _c1058655
_d1058655